<?xml version="1.0" encoding="UTF-8"?>
<record
    xmlns:xsi="http://www.w3.org/2001/XMLSchema-instance"
    xsi:schemaLocation="http://www.loc.gov/MARC21/slim http://www.loc.gov/standards/marcxml/schema/MARC21slim.xsd"
    xmlns="http://www.loc.gov/MARC21/slim">

  <leader>02857cam a2200373 i 4500</leader>
  <datafield tag="999" ind1=" " ind2=" ">
    <subfield code="c">8836</subfield>
    <subfield code="d">8836</subfield>
  </datafield>
  <controlfield tag="001">1057306845</controlfield>
  <controlfield tag="003">OCoLC</controlfield>
  <controlfield tag="005">20241126110659.0</controlfield>
  <controlfield tag="008">190122s2019    ilu      b    001 0 eng  </controlfield>
  <datafield tag="010" ind1=" " ind2=" ">
    <subfield code="a">2019002862</subfield>
  </datafield>
  <datafield tag="020" ind1=" " ind2=" ">
    <subfield code="a">9780830852345</subfield>
    <subfield code="q">(pbk. : alk. paper)</subfield>
  </datafield>
  <datafield tag="020" ind1=" " ind2=" ">
    <subfield code="a">0830852344</subfield>
  </datafield>
  <datafield tag="035" ind1=" " ind2=" ">
    <subfield code="a">(OCoLC)1057306845</subfield>
  </datafield>
  <datafield tag="040" ind1=" " ind2=" ">
    <subfield code="a">DLC</subfield>
    <subfield code="b">eng</subfield>
    <subfield code="e">rda</subfield>
    <subfield code="c">DLC</subfield>
    <subfield code="d">OCLCF</subfield>
    <subfield code="d">DTM</subfield>
    <subfield code="d">DLC</subfield>
    <subfield code="d">OCLCO</subfield>
    <subfield code="d">BDX</subfield>
    <subfield code="d">WTS</subfield>
    <subfield code="d">OCLCO</subfield>
    <subfield code="d">WIO</subfield>
  </datafield>
  <datafield tag="042" ind1=" " ind2=" ">
    <subfield code="a">pcc</subfield>
  </datafield>
  <datafield tag="050" ind1="0" ind2="0">
    <subfield code="a">BV4011.3</subfield>
    <subfield code="b">.B865 2019</subfield>
  </datafield>
  <datafield tag="082" ind1="0" ind2="0">
    <subfield code="a">253</subfield>
    <subfield code="2">23</subfield>
    <subfield code="b">BUR</subfield>
  </datafield>
  <datafield tag="092" ind1=" " ind2=" ">
    <subfield code="a">253</subfield>
    <subfield code="b">B91p</subfield>
  </datafield>
  <datafield tag="100" ind1="1" ind2=" ">
    <subfield code="a">Burgess, John P.,</subfield>
    <subfield code="d">1954-</subfield>
    <subfield code="0">http://id.loc.gov/authorities/names/n90639284</subfield>
    <subfield code="e">author.</subfield>
    <subfield code="9">15537</subfield>
  </datafield>
  <datafield tag="245" ind1="1" ind2="2">
    <subfield code="a">A pastoral rule for today :</subfield>
    <subfield code="b">reviving an ancient practice /</subfield>
    <subfield code="c">John P. Burgess, Jerry Andrews, and Joseph D. Small.</subfield>
  </datafield>
  <datafield tag="264" ind1=" " ind2="1">
    <subfield code="a">Downers Grove, Illinois :</subfield>
    <subfield code="a">Secunderabad: </subfield>
    <subfield code="b">IVP Academic, an imprint of InterVarsity Press,</subfield>
    <subfield code="b">Good Shepherd books, </subfield>
    <subfield code="c">[2019]</subfield>
    <subfield code="c">2019.</subfield>
  </datafield>
  <datafield tag="300" ind1=" " ind2=" ">
    <subfield code="a">194 pages ;</subfield>
    <subfield code="c">23 cm</subfield>
  </datafield>
  <datafield tag="336" ind1=" " ind2=" ">
    <subfield code="a">text</subfield>
    <subfield code="b">txt</subfield>
    <subfield code="2">rdacontent</subfield>
  </datafield>
  <datafield tag="337" ind1=" " ind2=" ">
    <subfield code="a">unmediated</subfield>
    <subfield code="b">n</subfield>
    <subfield code="2">rdamedia</subfield>
  </datafield>
  <datafield tag="338" ind1=" " ind2=" ">
    <subfield code="a">volume</subfield>
    <subfield code="b">nc</subfield>
    <subfield code="2">rdacarrier</subfield>
  </datafield>
  <datafield tag="504" ind1=" " ind2=" ">
    <subfield code="a">Includes bibliographical references and index.</subfield>
  </datafield>
  <datafield tag="505" ind1="0" ind2=" ">
    <subfield code="a">Why pastors need a rule -- The grace of theological friendships: Augustine -- The work of obedience: Benedict -- The holiness that stoops to serve: Gregory the Great -- All the ministers shall meet together: John Calvin -- Choosing your words carefully: John Wesley -- The pastor's study: John Henry Newman -- The gift of physical presence: Dietrich Bonhoeffer -- A contemporary pastoral rule -- Developing and practicing a pastoral rule.</subfield>
  </datafield>
  <datafield tag="520" ind1=" " ind2=" ">
    <subfield code="a">The pastoral office has always been a difficult calling. Today, the pastor is often asked to fulfill multiple roles: preacher, teacher, therapist, administrator, CEO. How can pastors thrive amid such demands? What is needed is a contemporary pastoral rule: a pattern for ministry that both encourages pastors and enables them to focus on what is most important in their pastoral task. This book, coauthored by three experts with decades of practical experience, explains how relying on a pastoral rule has benefited communities throughout the church's history and how such rules have functioned in the lives and work of figures such as Augustine, Calvin, Wesley, and Bonhoeffer. It also provides concrete advice on how pastors can develop and keep a rule that will help both them and their congregations to flourish.</subfield>
  </datafield>
  <datafield tag="650" ind1=" " ind2="0">
    <subfield code="a">Pastoral theology.</subfield>
    <subfield code="0">http://id.loc.gov/authorities/subjects/sh85098604</subfield>
    <subfield code="9">414</subfield>
  </datafield>
  <datafield tag="700" ind1="1" ind2=" ">
    <subfield code="a">Andrews, Jerry,</subfield>
    <subfield code="d">1953-</subfield>
    <subfield code="0">http://id.loc.gov/authorities/names/no2018156706</subfield>
    <subfield code="9">15538</subfield>
  </datafield>
  <datafield tag="700" ind1="1" ind2=" ">
    <subfield code="a">Small, Joseph D.</subfield>
    <subfield code="0">http://id.loc.gov/authorities/names/n97048777</subfield>
    <subfield code="9">15539</subfield>
  </datafield>
  <datafield tag="776" ind1="0" ind2="8">
    <subfield code="i">Online version:</subfield>
    <subfield code="a">Burgess, John P., 1954- author.</subfield>
    <subfield code="t">Pastoral rule for today</subfield>
    <subfield code="d">Downers Grove : InterVarsity Press, 2019</subfield>
    <subfield code="z">9780830873029</subfield>
    <subfield code="w">(DLC)  2019007434</subfield>
  </datafield>
  <datafield tag="942" ind1=" " ind2=" ">
    <subfield code="2">ddc</subfield>
    <subfield code="c">BK</subfield>
    <subfield code="0">1</subfield>
  </datafield>
  <datafield tag="952" ind1=" " ind2=" ">
    <subfield code="0">0</subfield>
    <subfield code="1">0</subfield>
    <subfield code="2">ddc</subfield>
    <subfield code="4">0</subfield>
    <subfield code="7">0</subfield>
    <subfield code="a">GBC</subfield>
    <subfield code="b">GBC</subfield>
    <subfield code="c">MNMS</subfield>
    <subfield code="d">2021-11-15</subfield>
    <subfield code="l">0</subfield>
    <subfield code="o">253 BUR</subfield>
    <subfield code="p">015317</subfield>
    <subfield code="r">2025-05-01 00:00:00</subfield>
    <subfield code="t">c.1</subfield>
    <subfield code="w">2021-11-15</subfield>
    <subfield code="y">BK</subfield>
  </datafield>
  <datafield tag="952" ind1=" " ind2=" ">
    <subfield code="0">0</subfield>
    <subfield code="1">0</subfield>
    <subfield code="2">ddc</subfield>
    <subfield code="4">0</subfield>
    <subfield code="7">0</subfield>
    <subfield code="a">GBC</subfield>
    <subfield code="b">GBC</subfield>
    <subfield code="c">MNMS</subfield>
    <subfield code="d">2022-12-16</subfield>
    <subfield code="l">1</subfield>
    <subfield code="o">253 BUR</subfield>
    <subfield code="p">015955</subfield>
    <subfield code="r">2025-05-01 00:00:00</subfield>
    <subfield code="s">2023-10-06</subfield>
    <subfield code="t">c.2</subfield>
    <subfield code="w">2022-12-16</subfield>
    <subfield code="y">BK</subfield>
  </datafield>
</record>
